Statistics for Top/Bottom 20 countries by Area-Border ratio - Area is square rooted before dividing

Click here to take the quiz!

General Stats

  • This quiz has been taken 51 times
  • The average score is 22 of 40

Answer Stats

K = √A / BB = BordersA = AreaCountry% Correct
0.3588939,984,670Canada
89%
1.36361.2242,900United Kingdom
82%
0.136321756,102Chile
80%
1.33238100,210South Korea
76%
3.056843,094Denmark
73%
0.4828301,904,569Indonesia
73%
0.7336070,273Ireland
73%
0.1214103.13,166,414India
67%
0.4955575,417Panama
64%
0.41374309,500Oman
62%
0.371918.9505,992Spain
62%
0.411746527,968Yemen
62%
0.5322814,874East Timor
60%
0.4636027,750Haiti
60%
1.367911,586Qatar
60%
0.13651143,100Tajikistan
60%
0.16221447,400Uzbekistan
60%
0.6136048,671Dominican Republic
58%
0.13120122,724,900Kazakhstan
58%
0.15504342,000Republic of the Congo
58%
0.1185241,284Switzerland
58%
0.3563951,100Costa Rica
56%
0.1219756,594Croatia
56%
0.113878199,951Kyrgyzstan
53%
0.11256283,871Austria
51%
0.094246147,570Bangladesh
51%
2,5610.165,610Sri Lanka
51%
0.095083236,800Laos
49%
0.132926147,181Nepal
47%
0.342340637,657Somalia
47%
0.124639331,212Vietnam
47%
0.3726651,002,450Egypt
42%
0.82820462,840Papua New Guinea
42%
0.112881118,484Malawi
40%
0.1133420,273Slovenia
40%
0.12138530,528Belgium
36%
0.3363345,227Estonia
33%
0.13125429,743Armenia
29%
0.13138933,846Moldova
29%
0.13205078,865Czech Republic
22%

Score Distribution

Percentile by Number Answered

Percent of People with Each Score

Your Score History

You have not taken this quiz